Current Members of the Senate of Canada - Statistics

General Stats
  • This quiz has been taken 2 times
  • The average score is 11 of 99
Answer Stats
Province (Division) Political Group Senator % Correct
Quebec (Saurel) Conservative Larry Smith
100%
Quebec (Grandville) Independent Chantal Petitclerc
50%
Northwest Territories Conservative Dawn Anderson
50%
Saskatchewan Conservative Denise Batters
50%
Ontario Independent Farah Mohamed
50%
Quebec (Inkerman) Progressive Julie Miville-Dechêne
50%
Ontario Independent Kim Pate
50%
Quebec (Wellington) Conservative Leo Housakos
50%
Manitoba Non-Affiliated Marilou McPhedran
50%
Quebec (De Salaberry) Progressive Michèle Audette
50%
Newfoundland and Labrador Independent Mohamed-Iqbal Ravalia
50%
Saskatchewan Canadian Pamela Wallin
50%
Quebec (Repentigny) Non-Affiliated Patrick Brazeau
50%
Ontario Independent Paulette Senior
50%
Prince Edward Island Canadian Percy Downe
50%
Ontario Independent Peter Boehm
50%
Manitoba Non-Affiliated Raymonde Gagné
50%
Quebec (De la Vallière) Independent Raymonde Saint-Germain
50%
Alberta Canadian Scott Tannas
50%
British Columbia Conservative Yonah Martin
50%
Nova Scotia Independent Allister Surette
0%
Quebec (Rigaud) Progressive Amina Gerba
0%
Ontario Progressive Andrew Cardozo
0%
British Columbia Independent Baltej Dhillon
0%
Ontario Independent Bernadette Clement
0%
British Columbia Independent Bev Busson
0%
Prince Edward Island Progressive Brian Francis
0%
Manitoba Canadian Charles Adler
0%
Quebec (Mille Isles) Conservative Claude Carignan
0%
Quebec (Kennebec) Canadian Clément Gignac
0%
Nova Scotia Canadian Colin Deacon
0%
Quebec (Alma) Progressive Danièle Henkel
0%
Alberta Progressive Daryl Fridhandler
0%
Saskatchewan Independent David Arnot
0%
Newfoundland and Labrador Conservative David Wells
0%
New Brunswick Independent Dawn Arnold
0%
Ontario Independent Donna Dasko
0%
British Columbia Progressive Duncan Wilson
0%
Newfoundland and Labrador Conservative Elizabeth Marshall
0%
Quebec (Gulf) Independent Éric Forest
0%
Newfoundland and Labrador Conservative Fabian Manning
0%
Manitoba Canadian Flordeliz Osler
0%
Ontario Independent Gwen Boniface
0%
Ontario Independent Hassan Yussuff
0%
Newfoundland and Labrador Non-Affiliated Iris Petten
0%
Prince Edward Island Independent Jane MacAdam
0%
New Brunswick Canadian Jim Quinn
0%
New Brunswick Independent Joan Kingston
0%
New Brunswick Independent John McNair
0%
Quebec (Montarville) Canadian Josée Verner
0%
Newfoundland and Labrador Progressive Judy White
0%
Alberta Independent Karen Sorensen
0%
Ontario Progressive Katherine Hay
0%
New Brunswick Canadian Krista Ross
0%
Alberta Progressive Kristopher Wells
0%
Ontario Independent Lucie Moncion
0%
Ontario Independent Mamie McBean
0%
Quebec (La Salle) Independent Manuelle Oudar
0%
British Columbia Independent Margo Greenwood
0%
Quebec (Victoria) Independent Martine Hébert
0%
Ontario Independent Marty Deacon
0%
Saskatchewan Progressive Marty Klyne
0%
Nova Scotia Independent Mary Coyle
0%
Manitoba Conservative Mary Jane McCallum
0%
Prince Edward Island Canadian Mary Robinson
0%
Nova Scotia Conservative Michael L. MacDonald
0%
Ontario Canadian Mohammad Al Zaibak
0%
Nunavut Independent Nancy Karetak-Lindell
0%
Yukon Non-Affiliated Pat Duncan
0%
Alberta Non-Affiliated Patti LaBoucane-Benson
0%
Alberta Independent Paula Simons
0%
Nova Scotia Canadian Paul Prosper
0%
Ontario Progressive Peter Harder
0%
Quebec (De Lorimier) Independent Pierre Dalphond
0%
Quebec (The Laurentides) Non-Affiliated Pierre Moreau
0%
New Brunswick Independent Pierrette Ringuette
0%
Ontario Canadian Rebecca Patterson
0%
Nova Scotia Canadian Réjean Aucoin
0%
New Brunswick Independent René Cormier
0%
Ontario Canadian Robert Black
0%
Nova Scotia Progressive Rodger Cuzner
0%
Quebec (Bedford) Independent Rosa Galvez
0%
Ontario Independent Rosemary Moodie
0%
New Brunswick Conservative Rose-May Poirier
0%
Ontario Conservative Salma Ataullahjan
0%
Ontario Non-Affiliated Sandra Pupatello
0%
Ontario Canadian Sharon Burey
0%
Nova Scotia Independent Stan Kutcher
0%
Quebec (Lauzon) Independent Suze Youance
0%
Saskatchewan Canadian Todd Lewis
0%
Ontario Independent Toni Varone
0%
Ontario Indepentdent Tony Dean
0%
Nova Scotia Independent Tony Ince
0%
Quebec (Shawinegan) Independent Tony Loffreda
0%
Saskatchewan Progressive Tracy Muggli
0%
New Brunswick Independent Victor Boudreau
0%
Nova Scotia Progressive Wanda Thomas Bernard
0%
British Columbia Independent Yuen Pau Woo
0%
Ontario Independent Yvonne Boyer
0%
No matching quizzes found
Score Distribution
Percent of People with Each Score
Percentile by Number Answered
Your Score History
You have not taken this quiz